000 00825nam a22002177a 4500
005 20250904155808.0
010 _aB-762580-604 ENG-146764 BACEN25
020 _a9789353769970
_c395.00
035 _aB-762580-604
035 _aEN-130296
037 _bOm Book International
037 _bDBAD
_aDPL
082 _aS
100 _aKottary,Gajra
_984847
245 _aAutumn Blossoms - The Collected Stories /
_cGajra Kottary
260 _aNew Delhi
_bOm book international
_c2024
270 _a107, Ansari Road, Daryaganj
_bNew Delhi
_e110002
300 _a491p.
_c20cm(pbk)
942 _2ddc
_cEN
_hS
_mKOT
999 _c209328
_d209328